[Event "Philadelphia op 17th"]
[Site "Philadelphia"]
[Date "2024.06.28"]
[Round "2"]
[White "Corrales Jimenez, Fidel"]
[Black "Perez, Robert M"]
[Result "1-0"]
[WhiteElo "2538"]
[BlackElo "2299"]
[PlyCount "91"]
[EventDate "2024.06.27"]
[EventType "swiss"]
[EventRounds "9"]
[EventCountry "USA"]
[SourceTitle "CBM 221 Extra"]
[Source "ChessBase"]
[SourceDate "2024.09.30"]
[SourceVersion "1"]
[SourceVersionDate "2024.09.30"]
[SourceQuality "1"]

1. e4 e5 2. Nf3 Nf6 3. d4 Nxe4 4. Bd3 d5 5. Nxe5 Nd7 6. Nc3 Nxe5 7. dxe5 Nxc3 8. bxc3 Bc5 9. 0-0 0-0 10. Qh5 g6 11. Qh6 Re8 12. Bg5 Bf8 13. Qh4 Be7 14. f4 Bxg5 15. fxg5 Rxe5 16. Rxf7 Kxf7 17. Qxh7+ Ke6 18. Qxg6+ Kd7 19. Bf5+ Rxf5 20. Qxf5+ Kc6 21. Qg6+ Kc5 22. Re1 Bd7 23. Qf7 Bc6 24. h4 Qf8 25. Qxc7 Re8 26. Rf1 Qe7 27. Qa5+ Kd6 28. Qb4+ Kd7 29. Qd4 Qe3+ 30. Kh2 Qxd4 31. cxd4 Re4 32. Kg3 Ke8 33. h5 Bd7 34. Rf4 Rxf4 35. Kxf4 Kf7 36. Ke5 Bc6 37. c3 a6 38. g6+ Kg7 39. Kf5 Ba4 40. Kg5 Be8 41. h6+ Kg8 42. Kf6 Kh8 43. a3 Kg8 44. g4 Kh8 45. g5 Kg8 46. g7 1-0

[Event "Hollywood Masters op"]
[Site "Los Angeles"]
[Date "2022.10.29"]
[Round "8"]
[White "Boros, Denes"]
[Black "Perez, Robert M"]
[Result "1-0"]
[WhiteElo "2402"]
[BlackElo "2362"]
[PlyCount "81"]
[EventDate "2022.10.26"]
[EventType "swiss"]
[EventRounds "9"]
[EventCountry "USA"]
[SourceTitle "EXT 2024"]
[Source "ChessBase"]
[SourceDate "2023.10.10"]
[SourceVersion "1"]
[SourceVersionDate "2023.10.10"]
[SourceQuality "1"]

1. Nf3 d5 2. g3 Nf6 3. Bg2 c5 4. 0-0 e6 5. d3 Nc6 6. Na3 Be7 7. Bf4 0-0 8. e4 b6 9. e5 Ne8 10. h4 Rb8 11. c4 Bb7 12. Re1 Nc7 13. Qe2 Qd7 14. Rad1 Rfd8 15. Nc2 Qe8 16. b3 b5 17. h5 h6 18. Nh2 Kh8 19. Ng4 Qf8 20. Nge3 Nd4 21. Nxd4 cxd4 22. Ng4 Bb4 23. Rf1 a5 24. c5 Na6 25. Nh2 Rdc8 26. g4 Bxc5 27. g5 hxg5 28. Bxg5 f5 29. Nf3 Qf7 30. Nh4 Kh7 31. Bh3 Be7 32. Nf3 Rh8 33. Kh2 Kg8 34. h6 gxh6 35. Bxe7 Qxe7 36. Nxd4 Qf7 37. Nxb5 Kh7 38. Nd6 Qf8 39. Qh5 Rg8 40. Rg1 Qe7 41. Nf7 1-0

[Event "Hollywood Classic 3rd"]
[Site "Los Angeles"]
[Date "2022.08.07"]
[Round "9"]
[White "Ezra, Paul Chambers"]
[Black "Perez, Robert M"]
[Result "0-1"]
[WhiteElo "2241"]
[BlackElo "2354"]
[PlyCount "118"]
[EventDate "2022.08.03"]
[EventType "swiss"]
[EventRounds "9"]
[EventCountry "USA"]
[SourceTitle "CBM 209 Extra"]
[Source "ChessBase"]
[SourceDate "2022.09.30"]
[SourceVersion "1"]
[SourceVersionDate "2022.09.30"]
[SourceQuality "1"]

1. e4 c5 2. Nf3 d6 3. Nc3 Nf6 4. e5 dxe5 5. Nxe5 a6 6. g3 Qd6 7. Nf3 b5 8. Bg2 Bb7 9. 0-0 e6 10. d3 Nc6 11. a4 b4 12. Nb1 Be7 13. Nbd2 Nd5 14. a5 0-0 15. Nc4 Qc7 16. Re1 Rad8 17. Bg5 f6 18. Bd2 e5 19. Nh4 g6 20. Nf3 Rfe8 21. h4 Bc8 22. Qe2 Bf8 23. Qf1 Nde7 24. Be3 Nf5 25. Nfd2 Ncd4 26. Bxd4 Nxd4 27. Ne3 Bh6 28. Rec1 Be6 29. c3 bxc3 30. Rxc3 f5 31. Nec4 Nb5 32. Rc2 Nd4 33. Rc3 Qb8 34. Nf3 Bd5 35. Ne1 Bxc4 36. Rxc4 Nb3 37. Rd1 Nd2 38. Rxd2 Bxd2 39. Nf3 Bxa5 40. Rxc5 Bb6 41. Rc6 Rc8 42. Qc1 Kg7 43. Nxe5 Rxc6 44. Nxc6 Qxg3 45. Qc3+ Kh6 46. Qd2+ f4 47. d4 Qxh4 48. Ne5 Kg7 49. Nd7 Qd8 50. Nxb6 Qxb6 51. Qxf4 Re1+ 52. Kh2 Qf6 53. Qc7+ Kh6 54. Qg3 Qxd4 55. b3 g5 56. Bb7 a5 57. Kg2 Qf4 58. Qh3+ Qh4 59. Qf5 Qh1+ 0-1

[Event "New York GM-B"]
[Site "New York"]
[Date "2021.11.12"]
[Round "4"]
[White "Perez, Robert M"]
[Black "Jacobson, Brandon"]
[Result "0-1"]
[WhiteElo "2378"]
[BlackElo "2514"]
[PlyCount "212"]
[EventDate "2021.11.10"]
[EventType "tourn"]
[EventRounds "9"]
[EventCountry "USA"]
[EventCategory "8"]
[SourceTitle "CBM 205 Extra"]
[Source "ChessBase"]
[SourceDate "2022.01.31"]
[SourceVersion "1"]
[SourceVersionDate "2022.01.31"]
[SourceQuality "1"]

1. d4 Nf6 2. c4 g6 3. Nc3 Bg7 4. e4 d6 5. h3 Nbd7 6. Nge2 e5 7. g3 exd4 8. Nxd4 0-0 9. Bg2 Re8 10. 0-0 Nc5 11. Re1 Nfd7 12. Be3 Ne5 13. b3 c6 14. Qc2 Qa5 15. a3 Ne6 16. Nde2 c5 17. Red1 Nc6 18. b4 Qc7 19. Rab1 Ncd4 20. Bxd4 cxd4 21. Nb5 Qb6 22. Qd3 a5 23. Nbxd4 axb4 24. Nxe6 Bxe6 25. Nf4 Be5 26. Nxe6 fxe6 27. axb4 Rf8 28. Rd2 Rf7 29. h4 Raf8 30. Rf1 Qxb4 31. f4 Bc3 32. Rc2 Qc5+ 33. Kh2 Bd4 34. Bh3 Re7 35. Rb1 Ra8 36. Qb3 Ra3 37. Qb5 Kf7 38. Qxc5 Bxc5 39. Rcb2 b6 40. Rb3 Ra4 41. Bf1 h6 42. Kg2 Kf6 43. Kf3 Rea7 44. R1b2 Ra1 45. Rb1 Rxb1 46. Rxb1 Ra3+ 47. Kg2 Re3 48. Ra1 Rxe4 49. Ra8 Rd4 50. Rf8+ Kg7 51. Re8 Kf7 52. Rh8 Rd2+ 53. Kh3 h5 54. Rh7+ Kf6 55. g4 hxg4+ 56. Kxg4 Be3 57. h5 Rf2 58. Bd3 Rxf4+ 59. Kg3 gxh5 60. Rxh5 Rd4 61. Be2 Rd2 62. Bg4 Rd3 63. Kg2 Bf4 64. Kf2 Rc3 65. Be2 Bg5 66. Rh8 Kf5 67. Rh5 Kf4 68. Bf1 Rc2+ 69. Be2 Bf6 70. Rh3 Bd4+ 71. Ke1 Bc3+ 72. Kf2 Bd4+ 73. Ke1 Be3 74. Rh4+ Ke5 75. Bd3 Bf2+ 76. Kd1 Ra2 77. Re4+ Kf6 78. Re2 Ra1+ 79. Kc2 Bd4 80. Re4 Be5 81. Rh4 Ra2+ 82. Kc1 Kg5 83. Re4 Bf4+ 84. Kb1 Rd2 85. Bc2 e5 86. Re1 Rf2 87. Kb2 Kf6 88. Kb3 Rf3+ 89. Kb2 Be3 90. Be4 Bd4+ 91. Ka2 Rf2+ 92. Ka3 Kg5 93. Bd5 Kf5 94. Ka4 Rf4 95. Re2 e4 96. Kb3 Ke5 97. Bc6 Rf3+ 98. Ka4 Be3 99. Kb3 Kd4 100. Kc2 Rf1 101. Kb2 Kd3 102. Rc2 Bd4+ 103. Kb3 e3 104. Be8 Rb1+ 105. Ka2 Kxc2 106. Bg6+ Kc1 0-1

[Event "New York Marshall Fall IM"]
[Site "New York"]
[Date "2019.11.17"]
[Round "8"]
[White "Allicock, Rawle Anthony"]
[Black "Perez, Robert M"]
[Result "1-0"]
[WhiteElo "2236"]
[BlackElo "2373"]
[PlyCount "87"]
[EventDate "2019.11.14"]
[EventType "tourn"]
[EventRounds "9"]
[EventCountry "USA"]
[EventCategory "3"]
[SourceTitle "CBM 193 Extra"]
[Source "ChessBase"]
[SourceDate "2020.01.31"]
[SourceVersion "1"]
[SourceVersionDate "2020.01.31"]
[SourceQuality "1"]

1. c4 c5 2. Nf3 Nc6 3. Nc3 g6 4. e3 Nf6 5. d4 cxd4 6. exd4 d5 7. cxd5 Nxd5 8. Qb3 e6 9. Bg5 Be7 10. Bh6 Bf8 11. Bg5 Qd6 12. Bc4 Nxc3 13. Bf6 Rg8 14. bxc3 Be7 15. Bxe7 Kxe7 16. Qb5 Kf8 17. 0-0 Kg7 18. Rfe1 Rd8 19. Rad1 a6 20. Qb2 Na5 21. Bf1 b5 22. Ne5 f6 23. Ng4 Bd7 24. g3 Rac8 25. h4 Bc6 26. Bh3 Bf3 27. Rd3 Nc4 28. Qc1 Bxg4 29. Bxg4 f5 30. Bd1 e5 31. Bb3 e4 32. Rdd1 Nb6 33. h5 Qf6 34. h6+ Kh8 35. f3 b4 36. c4 Nxc4 37. fxe4 Rxd4 38. exf5 Qd6 39. Kg2 Qd5+ 40. Kh2 Qxf5 41. Rxd4 Qf2+ 42. Kh3 Qxd4 43. Qxc4 Qd7+ 44. Qe6 1-0

[Event "New York Int op 12th"]
[Site "New York"]
[Date "2019.07.13"]
[Round "7"]
[White "Perez, Robert M"]
[Black "Korley, Kassa"]
[Result "1/2-1/2"]
[WhiteElo "2393"]
[BlackElo "2437"]
[PlyCount "62"]
[EventDate "2019.07.10"]
[EventType "swiss"]
[EventRounds "9"]
[EventCountry "USA"]
[SourceTitle "CBM 191 Extra"]
[Source "ChessBase"]
[SourceDate "2019.09.30"]
[SourceVersion "1"]
[SourceVersionDate "2019.09.30"]
[SourceQuality "1"]

1. d4 d5 2. c4 e6 3. Nf3 a6 4. cxd5 exd5 5. Nc3 Nf6 6. Bg5 Be6 7. e3 Nbd7 8. Bd3 Bd6 9. 0-0 0-0 10. h3 h6 11. Bf4 Qe7 12. Rc1 Rfe8 13. Qc2 Rac8 14. Rfd1 c6 15. a3 b5 16. Ne2 c5 17. dxc5 Nxc5 18. Bxd6 Qxd6 19. Nf4 Bd7 20. Qb1 Na4 21. Rxc8 Rxc8 22. Bf5 Rc7 23. Bxd7 Rxd7 24. Qc2 Rc7 25. Qb3 Rc4 26. Nd2 Rc8 27. Nf3 Rc4 28. Nd2 Rc5 29. Nf3 Qc7 30. Nd4 Rc1 31. Nd3 Rc4 1/2-1/2

[Event "Marshall CC-ch 102nd"]
[Site "New York"]
[Date "2018.12.07"]
[Round "6"]
[White "Perez, Robert M"]
[Black "Tsay, Vincent"]
[Result "1/2-1/2"]
[WhiteElo "2379"]
[BlackElo "2253"]
[PlyCount "172"]
[EventDate "2018.11.30"]
[EventType "swiss"]
[EventRounds "9"]
[EventCountry "USA"]
[SourceTitle "CBM 187 Extra"]
[Source "ChessBase"]
[SourceDate "2018.11.04"]
[SourceVersion "1"]
[SourceVersionDate "2018.11.04"]
[SourceQuality "1"]

1. d4 d5 2. c4 e6 3. Nf3 Nf6 4. Nc3 c6 5. Bg5 Nbd7 6. e3 Qa5 7. cxd5 exd5 8. Nd2 Bd6 9. Bd3 0-0 10. 0-0 Qc7 11. Nf3 Re8 12. Rc1 Qd8 13. Re1 Be7 14. Qc2 h6 15. Bh4 Nh5 16. Bxe7 Qxe7 17. e4 dxe4 18. Rxe4 Qf8 19. Rxe8 Qxe8 20. Re1 Qf8 21. Bc4 Nb6 22. Bb3 Nf6 23. Ne4 Nbd5 24. Nxf6+ Nxf6 25. Ne5 Be6 26. Bxe6 fxe6 27. Qb3 Qe7 28. Ng6 Qf7 29. Ne5 Qe7 30. Nd3 Nd5 31. Nc5 Qf7 32. Qxb7 Qxb7 33. Nxb7 Rb8 34. Nc5 Rxb2 35. g3 Rxa2 36. Rxe6 Rd2 37. Rxc6 Rxd4 38. Rc8+ Kf7 39. Ra8 Rd1+ 40. Kg2 Ra1 41. Kf3 Ra3+ 42. Ke2 Ra2+ 43. Kd3 Kg6 44. Ne4 Ra3+ 45. Kd4 Ne7 46. h4 Ra4+ 47. Ke5 Nc6+ 48. Kf4 Rc4 49. g4 a5 50. Rf8 Kh7 51. h5 a4 52. f3 Nd4 53. Ra8 Ne6+ 54. Kf5 Nd4+ 55. Kf4 Ne6+ 56. Ke3 Ng5 57. Ra7 Nxe4 58. fxe4 Kg8 59. Kf4 Rb4 60. Kf5 Kf8 61. e5 Kg8 62. Ra5 Kf7 63. Ra8 Ke7 64. Ra7+ Kf8 65. Ke6 Rb6+ 66. Kd7 Kf7 67. Rxa4 Rb7+ 68. Kd6 Rb6+ 69. Kd5 Rb5+ 70. Ke4 Rb1 71. Ra7+ Ke6 72. Ra6+ Kf7 73. Ra7+ Ke6 74. Rxg7 Rb4+ 75. Kf3 Kxe5 76. Re7+ Kf6 77. Rh7 Rb3+ 78. Kf4 Rb4+ 79. Kg3 Rb6 80. Kh4 Ke5 81. Re7+ Kf6 82. Ra7 Rc6 83. Kg3 Rc3+ 84. Kh4 Rc6 85. Rb7 Ra6 86. Kg3 Ra3+ 1/2-1/2

[Event "World op 45th"]
[Site "Philadelphia"]
[Date "2017.07.01"]
[Round "2"]
[White "Perez, Robert M"]
[Black "Petrosian, Tigran L"]
[Result "0-1"]
[WhiteElo "2365"]
[BlackElo "2595"]
[PlyCount "66"]
[EventDate "2017.06.29"]
[EventType "swiss"]
[EventRounds "9"]
[EventCountry "USA"]
[SourceTitle "CBM 179 Extra"]
[Source "ChessBase"]
[SourceDate "2017.08.23"]
[SourceVersion "1"]
[SourceVersionDate "2017.08.23"]
[SourceQuality "1"]

1. d4 d6 2. e4 Nf6 3. Nc3 g6 4. f4 Bg7 5. Nf3 0-0 6. Bd3 Na6 7. Be3 b6 8. a3 c5 9. Qe2 cxd4 10. Bxd4 Nc5 11. 0-0-0 Nxd3+ 12. Qxd3 Bb7 13. h4 Rc8 14. f5 e5 15. fxe6 fxe6 16. Ng5 Re8 17. Rhe1 e5 18. Be3 h6 19. Nf3 d5 20. Qb5 Rxc3 21. bxc3 Nxe4 22. Qb3 Kh7 23. Bg1 Qc7 24. Rd3 Rc8 25. Kb2 d4 26. cxd4 exd4 27. Bxd4 Nc5 28. Qc4 b5 29. Qxb5 Bxf3 30. Ka2 Nxd3 31. Qxd3 Qxc2+ 32. Qxc2 Rxc2+ 33. Kb3 Re2 0-1

[Event "Philadelphia int op 11th"]
[Site "Philadelphia"]
[Date "2017.06.25"]
[Round "3"]
[White "Perez, Robert M"]
[Black "Wheeler, Cameron"]
[Result "1/2-1/2"]
[WhiteElo "2365"]
[BlackElo "2407"]
[PlyCount "64"]
[EventDate "2017.06.24"]
[EventType "swiss"]
[EventRounds "9"]
[EventCountry "USA"]
[SourceTitle "CBM 179 Extra"]
[Source "ChessBase"]
[SourceDate "2017.08.23"]
[SourceVersion "1"]
[SourceVersionDate "2017.08.23"]
[SourceQuality "1"]

1. Nf3 Nf6 2. c4 c5 3. Nc3 g6 4. e4 Nc6 5. d4 cxd4 6. Nxd4 Nxd4 7. Qxd4 Bg7 8. Be3 0-0 9. Qd2 d6 10. f3 Be6 11. b3 Qa5 12. Rc1 Rfc8 13. Be2 a6 14. Na4 Qxd2+ 15. Kxd2 Nd7 16. g4 Rc6 17. h4 Nc5 18. Nc3 b5 19. Nd5 Bxd5 20. exd5 Rcc8 21. b4 Na4 22. cxb5 Bc3+ 23. Kc2 Bxb4+ 24. Kb3 Bc5 25. bxa6 Bxe3 26. Rxc8+ Rxc8 27. Kxa4 Rc2 28. Bd3 Rxa2+ 29. Kb3 Rd2 30. Kc3 Ra2 31. Kb3 Rd2 32. Kc3 Ra2 1/2-1/2

[Event "Chicago op 26th"]
[Site "Chicago"]
[Date "2017.05.27"]
[Round "4"]
[White "Perez, Robert M"]
[Black "Hernandez Carmenates, Holden"]
[Result "1/2-1/2"]
[WhiteElo "2365"]
[BlackElo "2510"]
[PlyCount "135"]
[EventDate "2017.05.25"]
[EventType "swiss"]
[EventRounds "9"]
[EventCountry "USA"]
[SourceTitle "CBM 178 Extra"]
[Source "ChessBase"]
[SourceDate "2017.06.22"]
[SourceVersion "1"]
[SourceVersionDate "2017.06.22"]
[SourceQuality "1"]

1. Nf3 Nf6 2. c4 b6 3. g3 Bb7 4. Bg2 e6 5. 0-0 Be7 6. Nc3 0-0 7. Re1 Ne4 8. Nxe4 Bxe4 9. d3 Bb7 10. e4 c5 11. d4 cxd4 12. Nxd4 d6 13. Be3 Nd7 14. Rc1 a6 15. Qd2 Qc7 16. f4 Rfe8 17. b4 Bf8 18. Nb3 a5 19. bxa5 bxa5 20. Nd4 Ra6 21. Nb5 Qb8 22. Bd4 Rc8 23. Bb2 Rac6 24. Ba3 Nb6 25. c5 dxc5 26. Qxa5 Nd7 27. Qd2 Ra6 28. Bb2 Rxa2 29. Nc3 Ra5 30. f5 Qc7 31. fxe6 fxe6 32. Bh3 Re8 33. Qe2 c4 34. Nd1 Ba6 35. Bc3 Ra3 36. Ne3 Nc5 37. Nxc4 Nb3 38. Qh5 g6 39. Qe5 Qxe5 40. Nxe5 Nxc1 41. Rxc1 Bc5+ 42. Kh1 Rxc3 43. Rxc3 Bd4 44. Ra3 Bb7 45. Nc4 Bxe4+ 46. Bg2 Bd5 47. Nd6 Rb8 48. Bxd5 exd5 49. Rd3 Rb4 50. Ne8 g5 51. h4 gxh4 52. gxh4 Kf7 53. Nc7 Be5 54. Nxd5 Rxh4+ 55. Kg2 Ke6 56. Rh3 Rg4+ 57. Kf3 Ra4 58. Ne3 Rf4+ 59. Kg2 Rf7 60. Ng4 Bf4 61. Rh5 Rg7 62. Kf3 Bg5 63. Rh1 Rf7+ 64. Kg3 Ra7 65. Re1+ Kf5 66. Rf1+ Kg6 67. Ne5+ Kg7 68. Rf7+ 1/2-1/2

[Event "Chicago op 26th"]
[Site "Chicago"]
[Date "2017.05.26"]
[Round "3"]
[White "Brown, Michael William"]
[Black "Perez, Robert M"]
[Result "0-1"]
[WhiteElo "2489"]
[BlackElo "2365"]
[PlyCount "54"]
[EventDate "2017.05.25"]
[EventType "swiss"]
[EventRounds "9"]
[EventCountry "USA"]
[SourceTitle "CBM 178 Extra"]
[Source "ChessBase"]
[SourceDate "2017.06.22"]
[SourceVersion "1"]
[SourceVersionDate "2017.06.22"]
[SourceQuality "1"]

1. d4 Nf6 2. c4 g6 3. Nc3 d5 4. Bf4 Bg7 5. e3 0-0 6. Rc1 Be6 7. Qb3 c5 8. Nf3 Nc6 9. dxc5 Ne4 10. Qxb7 Qa5 11. Qxc6 Nxc3 12. bxc3 Bxc3+ 13. Kd1 Rfd8 14. Bc7 dxc4+ 15. Nd4 Qb4 16. Bxd8 Rxd8 17. Qc7 Rd7 18. Qe5 Rd5 19. Qe4 Bxd4 20. exd4 c3 21. Bd3 Rxd4 22. Qa8+ Kg7 23. Ke2 Bc4 24. Rcd1 c2 25. Rd2 Qb2 26. Ke3 Qc3 27. Qf3 Bxd3 0-1

[Event "Chicago op 26th"]
[Site "Chicago"]
[Date "2017.05.26"]
[Round "2"]
[White "Perez, Robert M"]
[Black "Friedel, Joshua E"]
[Result "1-0"]
[WhiteElo "2365"]
[BlackElo "2528"]
[PlyCount "130"]
[EventDate "2017.05.25"]
[EventType "swiss"]
[EventRounds "9"]
[EventCountry "USA"]
[SourceTitle "CBM 178 Extra"]
[Source "ChessBase"]
[SourceDate "2017.06.22"]
[SourceVersion "1"]
[SourceVersionDate "2017.06.22"]
[SourceQuality "1"]

1. d4 Nf6 2. c4 e6 3. Nf3 Bb4+ 4. Nbd2 0-0 5. a3 Be7 6. e4 d6 7. Bd3 Nbd7 8. 0-0 e5 9. b3 exd4 10. Nxd4 Re8 11. Bb2 Bf8 12. b4 a5 13. N4b3 axb4 14. axb4 Rxa1 15. Qxa1 c6 16. Qa7 g6 17. Bc3 d5 18. exd5 cxd5 19. c5 Ne5 20. Bb5 Nc6 21. Qa8 d4 22. Bxd4 Nxd4 23. Nxd4 Bd7 24. Qxd8 Rxd8 25. Bxd7 Rxd7 26. N2f3 Nd5 27. Rb1 Nc3 28. Rc1 Nd5 29. b5 Rd8 30. c6 bxc6 31. bxc6 Nc7 32. g3 Bg7 33. Rc4 Kf8 34. Kg2 Ke7 35. Ne2 h6 36. h4 Ne6 37. Nc3 Bxc3 38. Rxc3 f6 39. h5 g5 40. Rb3 Rc8 41. Rb7+ Kf8 42. Nh2 Nd8 43. Rd7 Nf7 44. Ng4 Rxc6 45. Ne3 Ne5 46. Ra7 g4 47. Nf5 Rc1 48. Nxh6 Rc5 49. Nf5 Kg8 50. Ne3 Kh8 51. h6 Rb5 52. Ra6 Kh7 53. Rxf6 Rb4 54. Re6 Nd3 55. Rf6 Ne5 56. Rd6 Rb2 57. Nf5 Nf3 58. Ne3 Ne5 59. Rd4 Nf3 60. Rd7+ Kg6 61. Nxg4 Ne1+ 62. Kf1 Rb1 63. Rg7+ Kf5 64. h7 Ke4 65. Re7+ Kf3 1-0

[Event "Chicago op 26th"]
[Site "Chicago"]
[Date "2017.05.25"]
[Round "1"]
[White "Freitag, Todd M"]
[Black "Perez, Robert M"]
[Result "0-1"]
[WhiteElo "2100"]
[BlackElo "2365"]
[PlyCount "100"]
[EventDate "2017.05.25"]
[EventType "swiss"]
[EventRounds "9"]
[EventCountry "USA"]
[SourceTitle "CBM 178 Extra"]
[Source "ChessBase"]
[SourceDate "2017.06.22"]
[SourceVersion "1"]
[SourceVersionDate "2017.06.22"]
[SourceQuality "1"]

1. d4 Nf6 2. c4 g6 3. Nc3 d5 4. Bg5 Ne4 5. Bf4 Nxc3 6. bxc3 Bg7 7. e3 0-0 8. Nf3 c5 9. cxd5 Qxd5 10. Be2 cxd4 11. cxd4 Qa5+ 12. Qd2 Nc6 13. Qxa5 Nxa5 14. Bd3 Be6 15. Ke2 Rfc8 16. Rhc1 Rxc1 17. Rxc1 Bxa2 18. Rc2 Be6 19. Ng5 Bg4+ 20. f3 Bf5 21. Rc7 h6 22. Ne4 b6 23. Rxe7 a6 24. Bc7 Nc6 25. g4 Nxe7 26. gxf5 Nd5 27. Bd6 gxf5 28. Ng3 f4 29. exf4 Re8+ 30. Kd2 Bxd4 31. Nf5 Bc3+ 32. Kc2 Bg7 33. Be4 Nf6 34. Bc6 Re2+ 35. Kd3 Rxh2 36. Be5 Nh5 37. Bc7 b5 38. Bb7 Ra2 39. Ne7+ Kh8 40. Bd5 Ra3+ 41. Kd2 Bc3+ 42. Ke2 Ng3+ 43. Kf2 Bf6 44. Nc6 Nf5 45. Bxf7 Rc3 46. Bd5 Rc2+ 47. Kg1 Ne7 48. Nxe7 Rxc7 49. Ng6+ Kg7 50. f5 Rc2 0-1

[Event "Chicago Clark Street Capital op"]
[Site "Chicago"]
[Date "2017.04.15"]
[Round "7"]
[White "Perez, Robert M"]
[Black "Georgiev, Vladimir"]
[Result "1-0"]
[WhiteElo "2310"]
[BlackElo "2530"]
[PlyCount "97"]
[EventDate "2017.04.12"]
[EventType "swiss"]
[EventRounds "9"]
[EventCountry "USA"]
[SourceTitle "CBM 177 Extra"]
[Source "ChessBase"]
[SourceDate "2017.04.27"]
[SourceVersion "1"]
[SourceVersionDate "2017.04.27"]
[SourceQuality "1"]

1. d4 d6 2. e4 Nf6 3. Nc3 e5 4. Nf3 Nbd7 5. Bc4 Be7 6. 0-0 Nb6 7. Be2 exd4 8. Qxd4 0-0 9. a4 a5 10. Rd1 Nfd7 11. Be3 Bf6 12. Qd2 Qe7 13. Bd4 Bxd4 14. Qxd4 Nc5 15. Re1 Be6 16. Bf1 Rfe8 17. Rad1 Qf8 18. h3 c6 19. b3 Rad8 20. b4 axb4 21. Qxb4 Nbd7 22. Nd4 Nf6 23. Nxe6 fxe6 24. e5 Nd5 25. Nxd5 exd5 26. exd6 Rxe1 27. Rxe1 Qxd6 28. a5 h6 29. Re3 Ne4 30. Qxb7 Rb8 31. Qa6 Rb1 32. Qd3 Qf6 33. Qe2 Ra1 34. a6 Qd4 35. Kh2 Qf6 36. Rf3 Qd4 37. g3 Rd1 38. Rd3 Rxd3 39. cxd3 Nc3 40. Qb2 Qc5 41. a7 Qxa7 42. Qxc3 Qxf2+ 43. Bg2 Qb6 44. d4 Qa6 45. Qe3 Qc8 46. h4 Kh8 47. Bh3 Qf8 48. Bd7 Qf6 49. h5 1-0

[Event "Chicago Clark Street Capital op"]
[Site "Chicago"]
[Date "2017.04.14"]
[Round "5"]
[White "Perez, Robert M"]
[Black "Young, Angelo"]
[Result "1-0"]
[WhiteElo "2310"]
[BlackElo "2294"]
[PlyCount "87"]
[EventDate "2017.04.12"]
[EventType "swiss"]
[EventRounds "9"]
[EventCountry "USA"]
[SourceTitle "CBM 177 Extra"]
[Source "ChessBase"]
[SourceDate "2017.04.27"]
[SourceVersion "1"]
[SourceVersionDate "2017.04.27"]
[SourceQuality "1"]

1. d4 Nf6 2. c4 g6 3. f3 Bg7 4. e4 0-0 5. Nc3 e5 6. dxe5 Nh5 7. Be3 Bxe5 8. Nge2 d6 9. Qd2 Be6 10. g4 Ng7 11. b3 a5 12. Rc1 Nd7 13. Bg2 Nc5 14. h3 f5 15. exf5 gxf5 16. 0-0 h5 17. g5 a4 18. b4 f4 19. Nxf4 Bxf4 20. Bxf4 Rxf4 21. Qxf4 Nd3 22. Qd2 Nxc1 23. Rxc1 Bxc4 24. f4 c6 25. Ne4 Qb6+ 26. Kh2 Be6 27. Re1 d5 28. Nf6+ Kf7 29. a3 Rd8 30. Bf3 Rh8 31. Re5 h4 32. Re1 Qa7 33. Qb2 Qb8 34. Re5 Qd6 35. Qd4 Nf5 36. Qd3 Ng3 37. Bd1 Kg7 38. Bc2 Bf7 39. Qd4 Kf8 40. Nh7+ Kg8 41. g6 Bxg6 42. Bxg6 Nf1+ 43. Kg2 Qxg6+ 44. Rg5 1-0

[Event "Chicago Clark Street Capital op"]
[Site "Chicago"]
[Date "2017.04.13"]
[Round "3"]
[White "Perez, Robert M"]
[Black "Chandra, Akshat"]
[Result "0-1"]
[WhiteElo "2310"]
[BlackElo "2489"]
[PlyCount "142"]
[EventDate "2017.04.12"]
[EventType "swiss"]
[EventRounds "9"]
[EventCountry "USA"]
[SourceTitle "CBM 177 Extra"]
[Source "ChessBase"]
[SourceDate "2017.04.27"]
[SourceVersion "1"]
[SourceVersionDate "2017.04.27"]
[SourceQuality "1"]

1. d4 Nf6 2. c4 b6 3. f3 Nc6 4. Nc3 e5 5. d5 Ne7 6. Nh3 Ng6 7. a3 Bc5 8. e3 0-0 9. Bd3 c6 10. Nf2 cxd5 11. cxd5 Bb7 12. b4 Bd6 13. 0-0 Rc8 14. Bd2 Ne8 15. Qb1 Be7 16. Nfe4 Bh4 17. g3 Be7 18. Qa2 Kh8 19. Nf2 f5 20. g4 Nh4 21. Be2 Nd6 22. gxf5 Rxf5 23. Nfe4 Qf8 24. Nxd6 Bxd6 25. Rf2 Nxf3+ 26. Bxf3 Rxf3 27. Raf1 Rxf2 28. Rxf2 Qe8 29. Qb1 Qh5 30. Qe4 Ba6 31. b5 Bb7 32. Qa4 Qg6+ 33. Rg2 Qd3 34. Qg4 g6 35. Qxd7 Rf8 36. Re2 Qf5 37. Qxf5 gxf5 38. Bc1 Rc8 39. Bb2 Rc4 40. e4 Bc5+ 41. Kf1 Bd4 42. d6 Bc8 43. Nd5 fxe4 44. Nf6 Bxb2 45. Rxb2 Rd4 46. Ke2 Kg7 47. Rc2 Bf5 48. Nh5+ Kh6 49. Ng3 Bg6 50. Rd2 Rxd2+ 51. Kxd2 Be8 52. Nxe4 Kg6 53. a4 Kf5 54. Kd3 Ke6 55. Kc4 Bg6 56. Nd2 Kxd6 57. Nf1 Bf7+ 58. Kc3 Kd5 59. Ng3 Bg6 60. h3 Kc5 61. h4 Kd5 62. Nf1 Ke4 63. Nd2+ Kf4 64. Nc4 Bf7 65. Nd6 Be6 66. Nb7 e4 67. Nd8 Bd7 68. Nc6 e3 69. Nxa7 Kf3 70. Nc6 Bxc6 71. bxc6 e2 0-1

[Event "Chicago Clark Street Capital op"]
[Site "Chicago"]
[Date "2017.04.13"]
[Round "2"]
[White "Stevens, Matthew J"]
[Black "Perez, Robert M"]
[Result "0-1"]
[WhiteElo "2049"]
[BlackElo "2310"]
[PlyCount "74"]
[EventDate "2017.04.12"]
[EventType "swiss"]
[EventRounds "9"]
[EventCountry "USA"]
[SourceTitle "CBM 177 Extra"]
[Source "ChessBase"]
[SourceDate "2017.04.27"]
[SourceVersion "1"]
[SourceVersionDate "2017.04.27"]
[SourceQuality "1"]

1. d4 Nf6 2. c4 g6 3. g3 Bg7 4. Bg2 d5 5. cxd5 Nxd5 6. Nf3 Nb6 7. 0-0 Nc6 8. e3 0-0 9. Nc3 Re8 10. Re1 a5 11. Qe2 e5 12. dxe5 Nxe5 13. Nxe5 Bxe5 14. e4 Be6 15. Be3 Nc4 16. Rad1 Qf6 17. f4 Bxc3 18. bxc3 Nxe3 19. e5 Qe7 20. Qxe3 c6 21. Rd2 Red8 22. Red1 Bxa2 23. Qb6 Rxd2 24. Rxd2 Be6 25. Bf1 a4 26. c4 a3 27. Ra2 h5 28. Be2 Ra6 29. Qd4 Qb4 30. Bd3 Ra8 31. f5 Bxf5 32. Bxf5 gxf5 33. Kg2 Qb1 34. Re2 a2 35. e6 a1Q 36. exf7+ Kh7 37. f8N+ Kg8 0-1

[Event "Las Vegas Millionaire op"]
[Site "Las Vegas"]
[Date "2014.10.12"]
[Round "7"]
[White "Harris, Ian"]
[Black "Perez, Robert M"]
[Result "1/2-1/2"]
[WhiteElo "2122"]
[BlackElo "2332"]
[PlyCount "135"]
[EventDate "2014.10.09"]
[EventType "swiss"]
[EventRounds "9"]
[EventCountry "USA"]
[SourceTitle "CBM 162 Extra"]
[Source "ChessBase"]
[SourceDate "2014.10.17"]
[SourceVersion "1"]
[SourceVersionDate "2014.10.17"]
[SourceQuality "1"]

1. e4 c5 2. Nf3 d6 3. b3 Nc6 4. Bb2 e5 5. Bb5 f5 6. d3 Nf6 7. Nc3 a6 8. Bc4 b5 9. Bd5 Nxd5 10. Nxd5 Ne7 11. Qe2 Nxd5 12. exd5 Be7 13. 0-0 0-0 14. Rae1 b4 15. d4 cxd4 16. Nxd4 Bf6 17. Nc6 Qb6 18. Qd3 Qb5 19. Rd1 Bd7 20. a4 Qb7 21. Na5 Qc7 22. Nc4 Rab8 23. Qe2 Bc8 24. Rfe1 a5 25. f4 e4 26. Bxf6 Rxf6 27. Qd2 Ba6 28. Ne3 Qc5 29. Qd4 Rc8 30. Kf2 Rf7 31. Rg1 g6 32. g4 fxg4 33. Rxg4 Rcf8 34. Qxc5 dxc5 35. d6 Bc8 36. f5 Bxf5 37. Nxf5 Rxf5+ 38. Ke3 Rd8 39. Rxe4 Rf6 40. d7 Kf7 41. Rd5 Rf5 42. Rxf5+ gxf5 43. Re5 Kf6 44. Kf4 Rxd7 45. Rxf5+ Ke6 46. Rxc5 Rd2 47. h4 Rd4+ 48. Kg3 Rd2 49. h5 Kd6 50. Rxa5 Rxc2 51. Rb5 Rc3+ 52. Kf4 Rxb3 53. Kg5 Ke6 54. Kh6 Kf6 55. Kxh7 Rh3 56. Kh6 b3 57. a5 Rc3 58. Rb6+ Kf5 59. a6 Rc7 60. Rb5+ Kg4 61. Rb4+ Kf5 62. Rb6 Ra7 63. Rb5+ Kg4 64. Rb4+ Kf5 65. Rb6 b2 66. Rb5+ Kg4 67. Rb4+ Kf5 68. Rb5+ 1/2-1/2